| 000 | 01820nam a2200301 a 4500 | ||
|---|---|---|---|
| 003 | AM-YEHGA | ||
| 005 | 20260309164058.0 | ||
| 008 | 260204m19551963enkb||||r|||| 00| 0deng d | ||
| 040 | _aAM-YeHGA | ||
| 041 | 1 |
_aeng _alat |
|
| 100 | 0 |
_aLivy, _d59 BC – AD 17 _qTitus Livius |
|
| 245 | 1 | 0 |
_aLivy : _bwith an English translation... in fourteen volumes / _cLivy; B. O. Foster, Evan T. Sage, Alfred C. Schlesinger, Russel M. Geer, Frank Gardner Moore. |
| 260 |
_aCambridge, Mass., _bHarvard University press; _aLondon, _bW. Heinemann, ltd., _c1955-1963. |
||
| 300 |
_avolume : _bfolded color maps ; _c17 cm. |
||
| 490 | 0 | _a Loeb classical library | |
| 500 | _aVols. 1-5 published by Putnam, 1920-1929 (originally published in London by Heinemann, 1919-1929) Latin and English Vols. 6-8 translated by F.G. Moore, v. 9-11 by E.T. Sage; v. 12 by E.T. Sage and A.C. Schlesinger; v. 13 by A.C. Schlesinger; v. 14 by A.C. Schlesinger, with general index to Livy by R.M. Geer | ||
| 504 | _aV.1. Books I and II v. 2. Books III and IV v. 3. Books V, VI and VII v. 4. Books VIII-X v. 5. Books XXI-XXII v. 6. Books XXIII-XXV v. 7. Books XXVI-XXVII v. 8. Books XXVIII-XXX v. 9. Books XXXI-XXXIV v. 10. Books XXXV-XXXVII v. 11. Books XXXVIII-XXXIX v. 12. Books XL-XLII v. 13. Books XLIII-XLV v. 14 Summaries, fragments, and obsequens ... with a general index to Livy | ||
| 505 | 1 | 0 |
_gVol. XIV (1959, X, 557, 8 p.) _tSummaries, fragments, and obsequens |
| 546 | _aLatin and English on opposite pages | ||
| 650 | 1 | 4 |
_aHistory of Rome _xBiography _xOratory |
| 700 | 1 |
_aFoster, B. O., _d1872-1938 _4trl |
|
| 700 | 1 |
_aSchlesinger, Alfred Cary, _d1900-1993 _4trl |
|
| 700 | 1 |
_aSage, Evan T., _d1881-1936 |
|
| 700 | 1 |
_aGeer, Russel M., _d1894-1984 |
|
| 700 | 1 |
_aMoore, Frank Gardner, _d1865-1955 |
|
| 942 |
_2udc _cBK |
||
| 001 | 2047699 | ||
| 999 |
_c541320 _d541320 |
||